Responses for Show #4140 - Friday, September 6, 2002

Contestants

[<< previous game]

Sherri Newhouse, a budget director from Benbrook, Texas

Jake Maeroff, a law student from Plantation, Florida

Myron Meyer, a scheduling coordinator from Owatonna, Minnesota (whose 1-day cash winnings total $50,000)

[next game >>]

Jeopardy! Round responses

HISTORIC HISTORIANS
RANDOM STUFF
CRITTERS
(Alex: You have to name the show in...)
WHAT A BUNCH OF TV CHARACTERS
LET'S GET MARRIED
MEET MY "EX"
    $200 6
China

Sherri
    $200 11
the Grinch

Myron
    $200 16
(Myron: What is an elephant?)

a giraffe

MyronJake
    $200 17
The Dukes of Hazzard

Myron
    $200 22
JFK and Jackie

Jake
    $200 1
Executive

Jake
    $400 7
Norway

Jake
    $400 12
(Alex: The Vice President, yes.)

Dick Cheney

Myron
    $400 27
the giant panda

Sherri
    $400 18
The Munsters

Jake
    $400 23
woman

Jake
    $400 2
Exodus

Myron
    $600 8
Mexico

Myron
    $600 13
Robin Hood

Myron
    $600 28
Abyssinians

Sherri
    $600 19
The King of Queens

Triple Stumper
    $600 24
Khalil Gibran

Jake
    $600 3
the Exxon Valdez

Sherri
    $1,800 9
the Goths

Myron
    $800 14
the Moon

Myron
    $800 29
cartilage

Myron
    $800 20
The Flying Nun

Jake
    $800 25
Our Town

Myron
    $800 4
Expressionism

Myron
    $1000 10
the Venerable Bede

Myron
    $1000 15
a gambit

Myron
    $1000 30
[Alex reads "Hey Dean!" in a Jerry Lewis voice.]
(Jake: What is the mink?)
...
(Alex: They probably didn't like my impression.)

the marten family

Jake
Triple Stumper
    $1000 21
Hill Street Blues

Sherri
    $1000 26
Henry VIII

Myron
    $1000 5
Chancellor of the Exchequer

Jake

Scores at the first commercial break (after clue 15):

Myron Jake Sherri
$7,600 $1,600 $800

Scores at the end of the Jeopardy! Round:

Myron Jake Sherri
$10,200 $3,200 $2,800

Double Jeopardy! Round responses

KJPY CLASSICAL RADIO
SAINTS ON THE MAP
GUESS WHO'S COMING TO DINNER?
EAT MEAT
LITERARY NAME'S THE SAME
THE SHORT FORM
    $400 7
the cello

Myron
    $400 17
St. Louis

Sherri
    $400 12
Hannibal Lecter

Jake
    $400 1
goat

Jake
    $400 2
Paine

Sherri
    $400 22
absent without leave

Myron
    $800 8
Rossini

Jake
    $800 18
St. Petersburg

Sherri
    $800 13
John Belushi

Myron
    $800 27
Beef Wellington

Sherri
    $800 3
Crane

Sherri
    $800 23
the American Automobile Association

Myron
    $1200 9
Beethoven

Jake
    $1200 19
San Francisco

Jake
    $1200 14
Pretty Woman

Jake
    $1200 28
pemmican

Myron
    $1200 4
King

Myron
    $1200 24
(Jake: What is réspondez s'il vous plaît?)
...
(Alex: Jake, you added an "S" where it doesn't belong.)

répondez s'il vous plaît

Jake
Triple Stumper
    $1600 10
a recital

Triple Stumper
    $14,000 20
(Alex: Are you refering to [*], Missouri? You're right.)

St. Joseph

Jake
    $6,000 15
When Harry Met Sally...

Jake
    $1600 30
croquettes

Triple Stumper
    $1600 5
Clarke

Triple Stumper
    $1600 25
self-contained underwater breathing apparatus

Myron
    $2000 11
Isaac Stern

Triple Stumper
    $2000 21
St. Kitts

Jake
    $2000 16
My Dinner with Andre

Myron
    $2000 29
variety meats

Myron
    $2000 6
Byron

Jake
    $2000 26
North American Free Trade Agreement

Jake

Scores at the end of the Double Jeopardy! Round:

Myron Jake Sherri
$20,600 $33,200 $6,000

[wagering suggestions for these scores]

Final Jeopardy! Round responses

SPORTS STARS
(Alex: Sherri, where are you from?)
(Sherri: From Texas. Benbrook.)
(Alex: Let's take a look and see your response. Who did you think of? Who is [*]? Seems to me he played for the Dallas Cowboys at one time, didn't he?)
(Sherri: He did.)
SherriWho is Deion Sanders?
$5,000
MyronWho is Bo Jackson?
$20,599
JakeWho is Deion Sanders?
$8,001
Deion Sanders

Final scores:

Myron Jake Sherri
$1 $41,201 $11,000
3rd place: $1,000 New champion: $41,201 2nd place: $2,000

Game dynamics:

Coryat scores:

Myron Jake Sherri
$19,600 $16,400 $6,000
23 R
(including 1 DD),
1 W
20 R
(including 2 DDs),
2 W
10 R,
0 W

Combined Coryat: $42,000

[game clues] [game scores] [suggest correction]

Game tape date: 2002-06-10
The J! Archive is created by fans, for fans. Scraping, republication, monetization, and malicious use prohibited; this site may use cookies and collect identifying information. See terms. The Jeopardy! game show and all elements thereof, including but not limited to copyright and trademark thereto, are the property of Jeopardy Productions, Inc. and are protected under law. This website is not affiliated with, sponsored by, or operated by Jeopardy Productions, Inc. Join the discussion at JBoard.tv.